000 01253nam a2200349Ia 4500
001 dia_1391
003 CHAP
005 20230629101124.0
008 220117s1988 xx 000 0 und d
010 _a176709
020 _a84-7615-212-4
040 _cCHAP
082 _a005.36955 K93 1988
100 _aKyd, Charles W.
_964164
245 _aAplicaciones del Lotus 1-2-3 : modelos financieros /
_c Charles W. Kyd ; traducción José Martínez Aroza, Samuel Tunez Rodríguez y Alfonso Bosch Aran
260 _aEspaña :
_b McGraw-Hill,
_c1988
300 _axi, 433 p.
500 _aTítulo original: Financial modeling using Lotus 1-2-3
503 _aI. 145624
590 _aHF5548.4.L67 K93 1988
650 _aBusiness
_xComputer programs
_9147215
650 _aLotus 1
_x2
_x3 (Computer file)
_9147216
650 _aLotus 1
_x2
_x3 (Programa para computadora)
_9144729
650 _aNegocios
_xProgramas para computadora
_9147217
700 _aBosch Aran, Alonso, tr.
_9159360
700 _aMartínez Aroza, José, tr.
_9159361
700 _aTunez Rodríguez, Samuel, tr.
_9159362
901 _a005.36955 K93 1988
902 _aM
905 _a5232271988 sp mn 8222223322spa16
942 _cLIBRO
_2ddc
999 _c176709
_d176709